000 00303nam a22001457a 4500
003 SGT
082 _a340.1,HOL
100 _aHOLLAND
245 _aHOLLAND ON JURISPRUDENCE
250 _a13TH
260 _aNEW DELHI
_bUNIVERSAL BOOK
_c2014
300 _a481
650 _aJURISPRUDENCE
942 _2ddc
_cBK
999 _c9932
_d9932